Indigenous knowledge and resource management : (Record no. 92962)
[ view plain ]
| 000 -LEADER | |
|---|---|
| fixed length control field | 00672nam a22001817a 4500 |
| 005 - DATE AND TIME OF LATEST TRANSACTION | |
| control field | 20150415142511.0 |
| 010 ## - LCCN (DPL NO) | |
| LC control number | ENG-112808 |
| 020 ## - INTERNATIONAL STANDARD BOOK NUMBER | |
| Terms of availability | 550.00 |
| International Standard Book Number | 9788183640978 |
| 035 ## - SYSTEM CONTROL NUMBER | |
| System control number | EN-96340 |
| 037 ## - SOURCE OF ACQUISITION | |
| Source of stock number/acquisition | DBAD/PUB |
| 100 ## - MAIN ENTRY--PERSONAL NAME | |
| Personal name | Basar, Jumyir |
| 245 ## - TITLE STATEMENT | |
| Title | Indigenous knowledge and resource management : |
| Statement of responsibility, etc | by Jumyir Basar |
| Remainder of title | Perspectives of a tribe in Northeast India / |
| 260 ## - PUBLICATION, DISTRIBUTION, ETC. (IMPRINT) | |
| Place of publication, distribution, etc | Delhi |
| Name of publisher, distributor, etc | Shipra Publication |
| Date of publication, distribution, etc | 2014 |
| 270 ## - ADDRESS | |
| Address | H.O.: LG 18-19, Pankaj Central Market, Patparganj, |
| City | Delhi |
| Postal code | 110092 |
| Telephone number | 91-11-22235152, 22236152 |
| Electronic mail address | www.shiprapublications.com |
| 300 ## - PHYSICAL DESCRIPTION | |
| Extent | 158p.: |
| Dimensions | 22cm(Hb) |
| Other physical details | ill. |
| 500 ## - GENERAL NOTE | |
| General note | Includes bibliographical references and index |
| 942 ## - ADDED ENTRY ELEMENTS (KOHA) | |
| Source of classification or shelving scheme | Dewey Decimal Classification |
| Item type | English Books |
| Call number suffix | BAS |
No items available.
